LEADER 01387nam a2200301 u 4500 001 000000022863 003 CaOOAMICUS 005 20070226111155.0 008 950403s1914 it u000 u ita u 035 $a10575302 040 $aPUL(R)$bita 041 1 $aita$hger 100 1 $aJacobi, Friedrich Heinrich,$d1743-1819.$0(OLS)http://pul/name/19366 240 10$aÜber die Lehre Spinozas in Briefen an Mosč Mendelssohn.$lItaliano.$0(OLS)http://pul/title/31824 245 10$aSulla dottrina dello Spinoza :$blettere al Signor Mosč Mendelssohn /$cFederico Enrico Jacobi ; tradotte da Francesco Capra. 260 $aBari :$bLaterza,$c1914. 300 $avii, 231 p. ;$c22 cm 490 1 $aClassici della filosofia moderna ;$v21 504 $aBibliografia in nota. 600 10$aSpinoza, Benedictus de,$d1632-1677.$2//eng$0(OLS)http://pul/subject/14232 700 1 $aCapra, Francesco.$0(OLS)http://pul/name/19367 830 0$aClassici della filosofia moderna ;$v21.$0(OLS)http://pul/title/8124 850 $aPUL 852 $aPUL$W1$xDP2 Filosofia 1$y62$m83 D 30$j32053$nBK-PRI$b $qStampati$B32053$CPULBib$Z2$F32053 $81 941 1 $a8 961 $aTimbri: Bibliotheca P. Athenaeum Seminarii Rom. 996 $6245$aSulla dottrina dello Spinoza :$blettere al Signor Mosč Mendelssohn$9(OLS)http://pul/title/31825 996 $6260$aBari :$bLaterza$9(OLS)http://pul/publisher/47895 LEADER 01728nam a2200385 a 4500 001 000000160830 003 CaOOAMICUS 005 20170519122633.0 008 170519s2016 it a u000 u ita r 020 $a978-88-339-2764-0* 032 $aLibriCat 040 $aPUL$bita 041 1 $aita$hger 082 04$a704.9 100 1 $aSaxl, Fritz.$0(OLS)http://pul/name/102930 245 13$aLa fede negli astri :$bdall'antichitą al Rinascimento /$cFritz Saxl ; a cura di Salvatore Settis ; traduzione di Sandra Cirri Colli, Flavio Cuniberto e Piero Meriggi. 250 $aNuova ed. 260 $aTorino :$bBollati Boringhieri,$c2016. 300 $a520 p. :$bill. ;$c22 cm. 490 1 $aSaggi. Arte e letteratura 504 $aRiferimenti bibliografici in nota. 650 4$aAstrologia antica.$0(OLS)http://pul/subject/24102 700 1 $aMeriggi, Piero,$d1899-1982.$0(OLS)http://pul/name/61872 700 1 $aCirri Colli, Sandra.$0(OLS)http://pul/name/102931 700 1 $aSettis, Salvatore,$d1941-$0(OLS)http://pul/name/62069 700 1 $aCuniberto, Flavio.$0(OLS)http://pul/name/26630 830 0$aSaggi (Bollati Boringhieri).$pArte e letteratura.$0(OLS)http://pul/title/200539 850 $aPUL 852 $aPUL$W1$xSL Cons. Gen., Altre Classi 3$y75$m704. 9 SAXFR 1$j184674$qDDC 21$B187864$CPULBib$Z2$F187864 $H129679 $81 941 1 $a9 996 $6020$a978-88-339-2764-0*$9(OLS)http://pul/number/162733 996 $6082$a704.9$9(OLS)http://pul/classification/595 996 $6245$aLa fede negli astri :$bdall'antichitą al Rinascimento$9(OLS)http://pul/title/200538 996 $6260$aTorino :$bBollati Boringhieri$9(OLS)http://pul/publisher/47883